| 000 | 00706cam a22002051 4500 | ||
|---|---|---|---|
| 001 | gs 30000313 | ||
| 003 | DLC | ||
| 005 | 20260227111335.0 | ||
| 008 | 800627s1930 ctu 000 0 eng c | ||
| 010 | _ags 30000313 | ||
| 035 | _a(OCoLC)6467396 | ||
| 040 |
_aLibrary, U.S. Geological Survey _cVi _dDLC |
||
| 042 | _apremarc | ||
| 050 | 0 | 0 |
_aTD224.C8 _bA5 1930 |
| 110 | 1 |
_aConnecticut. _bState Water Commission. |
|
| 245 | 1 | 0 |
_aReport on the water resources of Connecticut, _cby State Water Commission, pursuant to Special act 427, chapter 413, 1929 ... |
| 260 |
_aHartford, _bPrinted by the State Water Commission, _c1930. |
||
| 300 |
_a54 p. _bfold. map. _c23 cm. |
||
| 650 | 0 |
_aWater-supply _zConnecticut. |
|
| 999 |
_c26834 _d26834 |
||